NBA - wszyscy MVP - Statystyki

Ogólne statystyki
  • Ten quiz został rozwiązany 7 419 razy
    1 069 od ostatniego zresetowania
  • Średni wynik to 52 z 70
Statystyki odpowiedzi
Rok MVP Klub Narodowość % Poprawnych
2013 LeBron James Miami Heat USA
99%
2012 LeBron James Miami Heat USA
99%
2010 LeBron James Cleveland Cavaliers USA
99%
2009 LeBron James Cleveland Cavaliers USA
99%
1998 Michael Jordan Chicago Bulls USA
98%
1996 Michael Jordan Chicago Bulls USA
98%
1992 Michael Jordan Chicago Bulls USA
98%
1991 Michael Jordan Chicago Bulls USA
98%
1988 Michael Jordan Chicago Bulls USA
98%
2016 Stephen Curry Golden State Warriors USA
98%
2015 Stephen Curry Golden State Warriors USA
98%
2024 Nikola Jokic Denver Nuggets Serbia
97%
2022 Nikola Jokic Denver Nuggets Serbia
97%
2021 Nikola Jokic Denver Nuggets Serbia
97%
2020 Giannis Antetokounmpo Milwaukee Bucks Grecja
96%
2019 Giannis Antetokounmpo Milwaukee Bucks Grecja
96%
2008 Kobe Bryant Los Angeles Lakers USA
94%
2014 Kevin Durant Oklahoma City Thunder USA
93%
2025 Shai Gilgeous-Alexander Oklahoma City Thunder Kanada
93%
2018 James Harden Houston Rockets USA
91%
2000 Shaquille O'Neal Los Angeles Lakers USA
90%
2023 Joel Embiid Philadelphia 76ers Kamerun/USA
88%
1986 Larry Bird Boston Celtics USA
86%
1985 Larry Bird Boston Celtics USA
86%
1984 Larry Bird Boston Celtics USA
86%
2017 Russell Westbrook Oklahoma City Thunder USA
85%
2011 Derrick Rose Chicago Bulls USA
84%
2007 Dirk Nowitzki Dallas Mavericks Niemcy
84%
2003 Tim Duncan San Antonio Spurs USA
83%
2002 Tim Duncan San Antonio Spurs USA
83%
1990 Magic Johnson Los Angeles Lakers USA
79%
1989 Magic Johnson Los Angeles Lakers USA
79%
1987 Magic Johnson Los Angeles Lakers USA
79%
2006 Steve Nash Phoenix Suns Kanada
76%
2005 Steve Nash Phoenix Suns Kanada
76%
1980 Kareem Abdul-Jabbar Los Angeles Lakers USA
75%
1977 Kareem Abdul-Jabbar Los Angeles Lakers USA
75%
1976 Kareem Abdul-Jabbar Los Angeles Lakers USA
75%
1974 Kareem Abdul-Jabbar Milwaukee Bucks USA
75%
1972 Kareem Abdul-Jabbar Milwaukee Bucks USA
75%
1971 Kareem Abdul-Jabbar Milwaukee Bucks USA
75%
2004 Kevin Garnett Minnesota Timberwolves USA
73%
2001 Allen Iverson Philadelphia 76ers USA
72%
1999 Karl Malone Utah Jazz USA
69%
1997 Karl Malone Utah Jazz USA
69%
1968 Wilt Chamberlain Philadelphia 76ers USA
69%
1967 Wilt Chamberlain Philadelphia 76ers USA
69%
1966 Wilt Chamberlain Philadelphia 76ers USA
69%
1960 Wilt Chamberlain Philadelphia Warriors (GS Warriors) USA
69%
1994 Hakeem Olajuwon Houston Rockets USA
67%
1965 Bill Russell Boston Celtics USA
64%
1963 Bill Russell Boston Celtics USA
64%
1962 Bill Russell Boston Celtics USA
64%
1961 Bill Russell Boston Celtics USA
64%
1958 Bill Russell Boston Celtics USA
64%
1983 Moses Malone Philadelphia 76ers USA
63%
1982 Moses Malone Houston Rockets USA
63%
1979 Moses Malone Houston Rockets USA
63%
1995 David Robinson San Antonio Spurs USA
58%
1993 Charles Barkley Phoenix Suns USA
57%
1981 Julius Erving Philadelphia 76ers USA
42%
1964 Oscar Robertson Cincinnati Royals (Sacramento Kings) USA
34%
1959 Bob Pettit St. Louis Hawks (Atlanta Hawks) USA
33%
1956 Bob Pettit St. Louis Hawks (Atlanta Hawks) USA
33%
1957 Bob Cousy Boston Celtics USA
32%
1978 Bill Walton Portland Trail Blazers USA
30%
1975 Bob McAdoo Buffalo Braves (LA Clippers) USA
21%
1969 Wes Unseld Baltimore Bullets (Washington Wizards) USA
18%
1970 Willis Reed New York Knicks USA
15%
1973 Dave Cowens Boston Celtics USA
12%
Nie znaleziono quizów pasujących do podanych kryteriów
Rozkład punktacji
Procent ludzi z każdym wynikiem
Percentyl według liczby udzielonych odpowiedzi
Twoja historia wyników
Nie rozwiązałeś tego quizu od ostatniego zresetowania